| 000 | 00800nam a22002657a 4500 | ||
|---|---|---|---|
| 005 | 20170124110028.0 | ||
| 010 | _a801401 | ||
| 020 |
_c00.00 _a851413099 |
||
| 035 | _a801401 | ||
| 037 | _bCen Lib/Ret | ||
| 040 |
_aDPL _bEN |
||
| 082 |
_a550 _bUND |
||
| 245 |
_aUnderstanding the earth : _cedited by I.G.Gass, Peter J.Smith [and] R.C.L.Wilson _ba reader in the earth sciences / |
||
| 250 | _a2nd ed | ||
| 260 |
_bThe Artemis Press Limited _c1972 _aSussexx |
||
| 270 | _bSussexx | ||
| 300 |
_a383p. : _c24cm(Hb) _bill. |
||
| 500 | _aIncludes index | ||
| 650 |
_aEarth sciences. _990193 |
||
| 650 |
_aEarth's magnetic field. _921161 |
||
| 700 |
_aGass, I.G. _921162 |
||
| 700 |
_aSmith, Peter J. _921163 |
||
| 700 |
_aWilson, R.C.L. _921164 |
||
| 942 |
_2ddc _cEN _h550 _mUND |
||
| 999 |
_c127663 _d127663 |
||